000
00291nam a2200121Ia 4500
008
151213s9999 xx 000 0 und d
020
_a
Missing Accession no
245
_a
Missing Accession no
260
_a
Missing Accession no
300
_a
5303 p.
650
_a
Computer
650
_a
Computer
999
_c
3260
_d
3260